• 首页
  • 本馆介绍
  • 公告通知
  • 最新文献
  • 馆藏检索
  • 电子资源
  • 读者导购
  • 参考咨询
  • 我的图书馆
  • 登录
  • 详细信息显示
  • 放入我的书架
  • 预约/预借图书
  • 作者相关作品
  • 分类相关作品
  • 丛书相关作品
  • 出版社相关作品

书目信息

  • 表格格式
  • 工作单格式
  • 卡片格式
题名:
排除非法证据的乌托邦
    
 
作者: 王超 著
分册:  
出版信息: 北京   法律出版社  2014
页数: 407页
开本: 21cm
丛书名:
单 册:
中图分类: D925.213.4
科图分类:
主题词: 刑事诉讼--证据--研究--中国 , 刑事诉讼 , 证据
电子资源:
ISBN: 978-7-5118-6113-9
000 01085nam0 2200277 450
001 519
005 20140908091207.75
010    @a978-7-5118-6113-9@dCNY38.00
100    @a20140627d2014 em y0chiy50 ea
101 0  @achi
102    @aCN@b110000
105    @ay z 000yy
106    @ar
200 1  @a排除非法证据的乌托邦@APai Chu Fei Fa Zheng Ju De Wu Tuo Bang@dThe utopia of excluding illegally obtained evidence@f王超著@FWang Chao Zhu@zeng
210    @a北京@c法律出版社@d2014
215    @a407页@d21cm
300    @a本书为2012年度教育部规划项目《刑事程序违法的定量分析》的阶段性成果 本书获得四川省哲学社会科学重点研究基地--四川省犯罪防控研究中心项目经费资助
330    @a本书对我国非法证据排除规则的理论与实践进行正确的解释。从不同角度紧紧围绕我国非法证据排除规则存在的问题展开分析。
510 1  @aUtopia of excluding illegally obtained evidence@zeng
606 0  @a刑事诉讼@x证据@x研究@y中国
606 0  @a刑事诉讼
606 0  @a证据
690    @aD925.213.4@v5
701  0 @a王超@AWang Chao@4著
801  0 @aCN@bTANGWEI@c20140603
905    @b0838918-20@dD925.213.4@e479@f3
    
    排除非法证据的乌托邦=The utopia of excluding illegally obtained evidence/王超著.-北京:法律出版社,2014
    407页;21cm
    本书为2012年度教育部规划项目《刑事程序违法的定量分析》的阶段性成果 本书获得四川省哲学社会科学重点研究基地--四川省犯罪防控研究中心项目经费资助
    
    ISBN 978-7-5118-6113-9:CNY38.00
    本书对我国非法证据排除规则的理论与实践进行正确的解释。从不同角度紧紧围绕我国非法证据排除规则存在的问题展开分析。
●
相关链接 在E读中查询图书 在五车中查询图书 在当当中查询图书 在豆瓣中查询图书


正题名:排除非法证据的乌托邦     索取号:D925.213.4/479         预约/预借

序号 登录号 条形码 馆藏地/架位号 状态 备注
1 0838918   208389180   第一样本阅览室/ [索取号:D925.213.4/479] 在馆    
2 0838919   208389199   密集书库-史法系/ [索取号:D925.213.4/479] 在馆    
3 0838920   208389206   密集书库-史法系/ [索取号:D925.213.4/479] 在馆    
唐山师范学院图书馆 欢迎您!
大连网信软件有限公司© 版权所有